000 00262 a2200121 4500
001 146460
040 _cEscola São Tomás de Aquino
100 _aZAMBUJAL, Isabel
240 1 0 _astrauss
_lpor
245 1 0 _astrauss
697 _a*LITERATURA INFANTO
942 _cBK
999 _c146460
_d146460